Academic and applied research in military and public management science

Salvato in:
Dettagli Bibliografici
Natura: Periodico
Lingua:inglese
Pubblicazione: Budapest National University of Public Service 2017
Soggetti:
Tags: Aggiungi Tag
Nessun Tag, puoi essere il primo ad aggiungerne!!

MARC

LEADER 00000nas2a2200000 4500
001 0282106
005 20220228102607.0
022 |a 2498-5392 
041 0 |a eng 
044 |a HU 
245 1 0 |a Academic and applied research in military and public management science 
264 1 |a Budapest  |b National University of Public Service  |c 2017 
773 0 |w eu_un_cat*0233569 
610 2 0 |a politika bezpečnostná 
610 2 0 |a sektor verejný 
610 2 0 |a vojenstvo 
610 2 0 |a manažment